<El> Uso de pretérito simple y pretérito compuesto en España y México

Saved in:
Bibliographic Details
Main Author: Spišiaková, Mária, 1973-
Format: Book Chapter
Language:Spanish
Subjects:
Tags: Add Tag
No Tags, Be the first to tag this record!

MARC

LEADER 00000naa$a2200000$$$4500
001 0212249
005 20240502073535.0
041 0 |a spa 
044 |a SK 
245 1 0 |a <El> Uso de pretérito simple y pretérito compuesto en España y México  |c Mária Spišiaková 
610 2 0 |a jazyky cudzie 
610 2 0 |a španielčina 
610 2 0 |a gramatika 
100 1 |a Spišiaková, Mária, 1973-